Statistics for NHL Players 22-23 Season - Central Division

Click here to take the quiz!

General Stats

  • This quiz has been taken 8 times
  • The average score is 57 of 268

Answer Stats

Team Name#Player's Name% Correct
8Cale Makar
75%
14Jamie Benn
75%
97Kirill Kaprizov
75%
29Nathan MacKinnon
75%
91Tyler Seguin
75%
9Clayton Keller
63%
7Devon Toews
63%
6Erik Johnson
63%
⬇️ Colorado Avalanche ⬇️3Jack Johnson
63%
21Jason Robertson
63%
16Joe Pavelski
63%
19Jonathan Toews
63%
50Jordan Binnington
63%
74Juuse Saros
63%
29Marc-Andre Fleury
63%
36Mats Zuccarello
63%
12Matthew Boldy
63%
96Mikko Rantanen
63%
52Reese Johnson
63%
24Roope Hintz
63%
75Sampo Ranta
63%
90Tyler Johnson
63%
18Alex Newhook
50%
82Caleb Jones
50%
6Colin Miller
50%
37Connor Hellebuyck
50%
37Dave Gust
50%
9Filip Forsberg
50%
32Filip Gustavsson
50%
5Jacob Middleton
50%
29Jake Oettinger
50%
46Jared Spurgeon
50%
14Joel Eriksson Ek
50%
31Jonas Johansson
50%
81Kyle Connor
50%
17Marcus Foligno
50%
90Marcus Johansson
50%
24Matt Dumba
50%
38Ryan Hartman
50%
13Sam Steel
50%
⬇️ Chicago Blackhawks ⬇️4Seth Jones
50%
22Tyson Barrie
50%
40Alexandar Georgiev
38%
33Alex Goligoski
38%
11Andrew Cogliano
38%
62Artturi Lehkonen
38%
26Blake Wheeler
38%
4Bowen Byram
38%
10Brayden Schenn
38%
7Brock Faber
38%
36Cole Smith
38%
55Colton Parayko
38%
39Connor Ingram
38%
6Dakota Mermis
38%
9Evan Rodrigues
38%
25Jonas Brodin
38%
25Jordan Kyrou
38%
44Josh Morrissey
38%
23Marco Rossi
38%
55Mark Scheifele
38%
95Matt Duchene
38%
18Max Domi
38%
4Miro Heiskanen
38%
13Nathan Smith
38%
8Nick Schmaltz
38%
27Nikolaj Ehlers
38%
89Pavel Buchnevich
38%
39Pavel Francouz
38%
18Robert Thomas
38%
59Roman Josi
38%
75Ryan Reaves
38%
20Ryan Suter
38%
41Scott Wedgewood
38%
47Torey Krug
38%
13Valeri Nichushkin
38%
53Wyatt Johnston
38%
17Adam Lowry
25%
89Andreas Athanasiou
25%
29Barrett Hayton
25%
17Brad Hunt
25%
21Brandon Duhaime
25%
20Brandon Saad
25%
⬇️ Minnesota Wild ⬇️2Calen Addison
25%
8Cody Glass
25%
91Cole Perfetti
25%
26Connor Dewar
25%
⬇️ Winnipeg Jets ⬇️2Dylan DeMelo
25%
54Dylan Samberg
25%
23Esa Lindell
25%
63Evgeny Dadonov
25%
15Jakub Vrana
25%
⬇️ Dallas Stars ⬇️2Jani Hakanpaa
25%
44Joel Hanley
25%
25Joel Kiviranta
25%
15Joey Anderson
25%
3John Klingberg
25%
4Jon Merrill
25%
3Josh Brown
25%
37JT Compher
25%
72Justin Faulk
25%
4Juuso Valimaki
25%
70Karel Vejmelka
25%
42Kasperi Kapanen
25%
32Kevin Lankinen
25%
87Kristian Reichel
25%
67Lawson Crouse
25%
22Logan Brown
25%
25Logan O'Connor
25%
27Lukas Reichel
25%
77Luke Evangelista
25%
27Mason Marchment
25%
15Mason Shaw
25%
51Matt Kessel
25%
88Nate Schmidt
25%
26Nathan Walker
25%
4Neal Pionk
25%
4Nick Leddy
25%
34Petr Mrazek
25%
23Philipp Kurashev
25%
80Pierre-Luc Dubois
25%
92Ryan Johansen
25%
79Sammy Blais
25%
74Samuel Walker
25%
11Taylor Raddysh
25%
55Thomas Harley
25%
82Thomas Novak
25%
10Ty Dellandrea
25%
45Alexandre Carrier
13%
13Alexei Toropchenko
13%
32Alex Stalock
13%
40Arvid Soderblom
13%
59Ben Meyers
13%
14Boris Katchouk
13%
5Brenden Dillon
13%
43Calle Rosen
13%
43Colin Blackwell
13%
10Colton Sissons
13%
12Connor Mackey
13%
57Dante Fabbro
13%
43Darren Helm
13%
33David Rittich
13%
81Denis Malgin
13%
48Filip Roos
13%
89Frederick Gaudreau
13%
28Gustav Nyquist
13%
51Ian Mitchell
13%
73Jan Jenik
13%
25Jarred Tinordi
13%
17Jason Dickinson
13%
⬇️ Nashville Predators ⬇️3Jeremy Lauzon
13%
90J.J. Moser
13%
30Joel Hofer
13%
42Josh Manson
13%
75Juuso Parssinen
13%
30Keith Kinkaid
13%
5Kevin Gravel
13%
44Kiefer Sherwood
13%
56Kurtis MacDermid
13%
77Kyle Capobianco
13%
20Lars Eller
13%
6Marco Scandella
13%
22Mason Appleton
13%
22Matej Blumel
13%
63Matias Maccelli
13%
5Michael Kesselring
13%
21Milos Kelemen
13%
19Nicolas Petan
13%
22Nikita Zaitsev
13%
5Nils Lundkvist
13%
62Nino Niederreiter
13%
26Philip Tomasino
13%
12Radek Faksa
13%
15Riley Tufte
13%
41Robert Bortuzzo
13%
49Samuel Girard
13%
⬇️ St. Louis Blues ⬇️1Thomas Greiss
13%
72Travis Boyd
13%
14Ville Heinola
13%
7Vladislav Namestnikov
13%
44Wyatt Kaiser
13%
13Yakov Trenin
13%
12Zach Sanford
13%
53Adam Beckman
0%
75Alec Regula
0%
47Alex Galchenyuk
0%
72Alex Vlasic
0%
24Anders Bjork
0%
28Andreas Englund
0%
36Anton Blidh
0%
31Anton Khudobin
0%
26Austin Wagner
0%
71Axel Jonsson-Fjallby
0%
15Bokondji Imama
0%
24Brett Ritchie
0%
62Brett Seney
0%
53Buddy Robinson
0%
68Cal Burke
0%
52Cal Foote
0%
54Charles Hudon
0%
36Christian Fischer
0%
70Cole Guttman
0%
5Connor Murphy
0%
68Damien Giroux
0%
19David Gustafsson
0%
37Dmitri Samorukov
0%
21Dominic Toninato
0%
11Dylan Guenther
0%
31Dylan Wells
0%
61Dysin Mayo
0%
70Egor Afanasyev
0%
51Fredrik Karlstrom
0%
42Fredrik Olofsson
0%
56Hugh McGing
0%
41Isaak Philips
0%
50Ivan Prosvetov
0%
22Jack McBain
0%
23Jake Livingstone
0%
63Jake Neighbours
0%
12Jansen Harkins
0%
30Jaxson Stauber
0%
93Jean-Luc Foudy
0%
48Jean-Sebastien Dea
0%
43John Leonard
0%
46Jordan Gross
0%
56Joseph Cramarossa
0%
17Joshua Leivo
0%
16Jujhar Khaira
0%
60Justus Annunen
0%
20Karson Kuhlman
0%
28Kevin Stenlund
0%
26Laurent Dauphin
0%
38Liam O'Brien
0%
64Logan Stanley
0%
11Luke Glendening
0%
39Luke Philp
0%
58MacKenzie Entwistle
0%
43Marian Studenic
0%
90Mark Borowiecki
0%
17Mark Jankowski
0%
15Matthew Highmore
0%
32Matthew Murray
0%
83Matthew Nieto
0%
53Michael Carcone
0%
47Michael McCarron
0%
86Mike Hardman
0%
57Mikhail Maltsev
0%
36Morgan Barron
0%
72Nick Swaney
0%
59Nikita Alexandrov
0%
27Oskar Olausson
0%
70Oskar Sundqvist
0%
⬇️ Arizona Coyotes ⬇️2Patrik Nemeth
0%
71Rasmus Asplund
0%
55Roland McKeown
0%
27Ryan McDonagh
0%
8Saku Maenalanen
0%
89Sam Gagner
0%
15Shane Bowers
0%
81Spencer Stastney
0%
28Steven Fogarty
0%
36Steven Santini
0%
9Tyler Pitlick
0%
75Tyler Tucker
0%
77Victor Soderstrom
0%
92Vladislav Kolyachonok
0%
42William Bitten
0%
30Yaroslav Askarov
0%
44Zack Kassian
0%

Score Distribution

Percentile by Number Answered

Percent of People with Each Score

Your Score History

You have not taken this quiz